书目信息 |
| 题名: |
量子力学习题解答
|
|
| 作者: | 井孝功 , 郑仰东 编著 | |
| 分册: | ||
| 出版信息: | 哈尔滨 哈尔滨工业大学出版社 2017 |
|
| 页数: | 193页 | |
| 开本: | 23cm | |
| 丛书名: | ||
| 单 册: | ||
| 中图分类: | O413.1-44 | |
| 科图分类: | ||
| 主题词: | 量子力学--liang zi li xue--高等学校--解题 | |
| 电子资源: | ||
| ISBN: | 978-7-5603-5869-7 | |
| 000 | 01236nam0 2200337 450 | |
| 001 | 012001000053 | |
| 005 | 20191107171414.68 | |
| 010 | @a978-7-5603-5869-7@dCNY30.00 | |
| 099 | @aCAL 012017033557 | |
| 100 | @a20170322d2017 ekmy0chiy50 ea | |
| 101 | 0 | @achi |
| 102 | @aCN@b230000 | |
| 105 | @ay q 000yy | |
| 106 | @ar | |
| 200 | 1 | @a量子力学习题解答@Aliang zi li xue xi ti jie da@f井孝功, 郑仰东编著 |
| 205 | @a第3版@b修订本 | |
| 210 | @a哈尔滨@c哈尔滨工业大学出版社@d2017 | |
| 215 | @a193页@d23cm | |
| 300 | @a“十二五”国家重点图书出版规划项目 | |
| 311 | @a本书是《量子力学》的配套书 | |
| 312 | @a英文题名取自封面 | |
| 330 | @a本书是井孝功与赵永芳编著的《量子力学》(修订本)的配套书。书中包括三部分内容一是量子力学基本概念与公式的归纳和总结,二是各章习题的解答(134题),三是7套模拟试 题的解答。 | |
| 333 | @a物理系各专业本科生,相关专业学生和科技人员 | |
| 488 | 0 | @12001 @a量子力学 |
| 510 | 1 | @aSolutions to the problems in quantum mechanics@zeng |
| 606 | 0 | @a量子力学@Aliang zi li xue@x高等学校@j解题 |
| 690 | @aO413.1-44@v5 | |
| 701 | 0 | @a井孝功@Ajing xiao gong@4编著 |
| 701 | 0 | @a郑仰东@Azheng yang dong@4编著 |
| 801 | 0 | @aCN@b北京卓展文化@c20191020 |
| 905 | @b1195187-8@dO413.1-44@e127=3@f2 | |
| 量子力学习题解答/井孝功, 郑仰东编著.-第3版,修订本.-哈尔滨:哈尔滨工业大学出版社,2017 |
| 193页;23cm |
| “十二五”国家重点图书出版规划项目.-使用对象:物理系各专业本科生,相关专业学生和科技人员 |
| ISBN 978-7-5603-5869-7:CNY30.00 |
| 本书是井孝功与赵永芳编著的《量子力学》(修订本)的配套书。书中包括三部分内容一是量子力学基本概念与公式的归纳和总结,二是各章习题的解答(134题),三是7套模拟试 题的解答。 |
| ● |
| 相关链接 |
|
|
|
|
正题名:量子力学习题解答
索取号:O413.1-44/127=3
 
预约/预借
| 序号 | 登录号 | 条形码 | 馆藏地/架位号 | 状态 | 备注 |
| 1 | 1195187 | 211951878 | 第二样本阅览室/ [索取号:O413.1-44/127=3] | 在馆 | |
| 2 | 1195188 | 211951887 | 第三借阅区/ [索取号:O413.1-44/127=3] | 在馆 |